Vista normal
Vista MARC
Entrada Corporate Name
Número de registros utilizados en: 2
001 - CONTROL NUMBER
- control field: 53024
003 - CONTROL NUMBER IDENTIFIER
- control field: OSt
005 - DATE AND TIME OF LATEST TRANSACTION
- control field: 20241126095015.0
008 - FIXED-LENGTH DATA ELEMENTS
- fixed length control field: 241126|| aca||aabn | a|a d
040 ## - CATALOGING SOURCE
- Original cataloging agency: OSt
- Transcribing agency: OSt
110 ## - HEADING--CORPORATE NAME
- Corporate name or jurisdiction name as entry element: Colombia: Senado de la República Comisión de Ordenamiento Territorial
670 ## - SOURCE DATA FOUND
- Source citation: Work cat.: (OSt)48463: Colombia: Senado de la República Comisión de Ordenamiento Territorial, Los caminos del ordenamiento territorial: